| 000 | 02679nam a2200289 a 4500 | ||
|---|---|---|---|
| 001 | 000045390 | ||
| 003 | DO-SdBNP | ||
| 005 | 20240301124946.0 | ||
| 007 | 000045390 | ||
| 008 | 150305s2014 dr 000 0 spa d | ||
| 020 | _a9789993446286 | ||
| 040 |
_aBPMSU _bspa _cBPMSU |
||
| 082 | 4 |
_a801.93 _bR789p 2014 _222 |
|
| 100 | 1 |
_aRosario Candelier, Bruno, _d1941- |
|
| 245 | 1 | 0 |
_aPor las amenas liras : _bmística literaria y creación teopoética / _cBruno Rosario Candelier. |
| 260 |
_aSanto Domingo : _bAteneo Insular Internacional, _c2014. |
||
| 300 |
_a438 p. ; _c23 cm. |
||
| 490 | 0 |
_aEn la interior bodega, _v7 |
|
| 500 | _aIncluye referencias bibliográficas y notas al pie de las páginas. | ||
| 505 | 0 | _aMística literaria. Los amanuenses del espíritu y la revelación poética, 7.-- Intuición estética e interiorización metafísica. Creación y espiritualidad en la lirica americana, 61.-- Interiorismo y mística en la poesía del Caribe hispánico, 85.-- Experiencia poética y creación interiorista. El camino de la interioridad y la trascendencia, 119.-- El lenguaje bíblico en la lírica americana, 133.-- Poesía, religiosidad y mística en las letras dominicanas, 175.-- Literatura mística puertorriqueña. La espiritualidad en la lírica teopoética, 199.-- Creación teopoética. Mística de la esperanza en la poética de Karol Wojtyla, 225.-- Vivencia estética y experiencia mística en la lírica de Luce López-Baralt, 243.-- La sed de mística del ciervo herido en Fausto Leonardo Henríquez, 265.-- Mística de la inspiración en la lírica de Teodoro Rubio, 277.-- La presencia de lo divino en Gustavo González Villanueva, 283.-- Conexión cósmica y mística en la poesía de Conny Palacios, 295.-- La irradiación mística en la poesía de Ofelia Berrido, 315.-- El Tao poético en la visión mística de Ramón Antonio Jiménez, 337.-- La lírica de Isabel Ripol Carulla. Vibración amorosa de visión mística, 349.-- Metafísica de la divinidad en la lírica de Oscar de León Silverio, 359.-- La unción mística en la poesía de Gloria Nolasco, 369.-- La voz mística de Jit Manuel Castillo. Puente lírico y simbólico de la hermosura divina, 375.-- La experiencia cardinal en la creación poética de Juan Santos, 383.-- La música sagrada de Karol Wojtyla según Bogdan Piotrowski, 397.-- La sensorialidad mística en la lírica de Tulio Cordero, 411.-- Addendum. Entrevista sobre la mística del interiorismo, 427. | |
| 590 | _aInventariado, 2024/VM | ||
| 650 | 4 | _aMisticismo y literatura. | |
| 650 | 4 | _aEstilo literario | |
| 650 | 4 |
_aLiteratura _xfilosifía _e |
|
| 910 | _aVMateo V. Control de calidad. BPMSU | ||
| 942 |
_2ddc _cBK |
||
| 999 |
_c8229 _d8229 |
||